000
00314nam a2200145Ia 4500
008
230718s9999 xx 000 0 und d
041
_a
Eng.
082
_a
342.09
_b
AHM-A
100
_a
Ahmad
245
0
_a
Act, 2013
260
_a
Pakistan
_b
Punjab law book
_c
2013
300
_a
204
650
_a
Law
999
_c
29437
_d
29437